[Event "MSU Cup"]
[Site "Moscow"]
[Date "2024.04.25"]
[Round "9.14"]
[White "Seyitmiradov, Serdar"]
[Black "Siniauski, Artsiom"]
[Result "0-1"]
[WhiteElo "1885"]
[BlackElo "2166"]
[PlyCount "56"]
[EventDate "2024.04.22"]
[EventType "team-tourn"]
[EventRounds "9"]
[EventCountry "RUS"]
[SourceTitle "CBM 219 Extra"]
[Source "ChessBase"]
[SourceDate "2024.05.31"]
[SourceVersion "1"]
[SourceVersionDate "2024.05.31"]
[SourceQuality "1"]
[WhiteTeam "Turkmenistan"]
[BlackTeam "Belarus"]
[WhiteTeamCountry "TKM"]
[BlackTeamCountry "BLR"]

1. d4 Nf6 2. c4 e6 3. Nf3 b6 4. g3 Bb4+ 5. Bd2 Be7 6. Bg2 Bb7 7. 0-0 c6 8. Nc3 d5 9. Ne5 0-0 10. e4 Nxe4 11. Nxe4 dxe4 12. Be3 f6 13. Bxe4 fxe5 14. Qh5 Rf5 15. Bxf5 exf5 16. Qxf5 exd4 17. Qe6+ Kf8 18. Bf4 Qd7 19. Qe4 Kg8 20. Rae1 Bf8 21. Re2 c5 22. Qd3 Nc6 23. a3 Ne7 24. Rfe1 Qc6 25. f3 Ng6 26. Re4 Qf6 27. Be5 Bxe4 28. Qxe4 Qxe5 0-1

[Event "MSU Cup"]
[Site "Moscow"]
[Date "2024.04.24"]
[Round "7.10"]
[White "Seyitmiradov, Serdar"]
[Black "Rezvy, Lev"]
[Result "1-0"]
[WhiteElo "1885"]
[BlackElo "2089"]
[PlyCount "89"]
[EventDate "2024.04.22"]
[EventType "team-tourn"]
[EventRounds "9"]
[EventCountry "RUS"]
[SourceTitle "CBM 219 Extra"]
[Source "ChessBase"]
[SourceDate "2024.05.31"]
[SourceVersion "1"]
[SourceVersionDate "2024.05.31"]
[SourceQuality "1"]
[WhiteTeam "Turkmenistan"]
[BlackTeam "SPbGU"]
[WhiteTeamCountry "TKM"]
[BlackTeamCountry "RUS"]

1. e4 e6 2. d4 d5 3. Nc3 Nf6 4. e5 Nfd7 5. f4 c5 6. Nf3 Nc6 7. Be3 a6 8. a3 f6 9. Bd3 cxd4 10. Nxd4 Nxd4 11. Bxd4 f5 12. b4 a5 13. Rb1 axb4 14. axb4 Be7 15. 0-0 Nb6 16. Qh5+ g6 17. Qh6 Bf8 18. Qh3 Bd7 19. Qe3 Nc4 20. Bxc4 dxc4 21. Nd5 Bc6 22. Nf6+ Kf7 23. Bb6 Qc8 24. Rfd1 Be7 25. b5 Ra3 26. Qd4 Be8 27. h3 Ra2 28. c3 h6 29. Nxe8 Rxe8 30. Qd7 Qa8 31. Rd6 Kf8 32. Rxe6 Rxg2+ 33. Kxg2 Qa2+ 34. Bf2 Qxb1 35. Rxg6 Qe4+ 36. Kg3 Qd3+ 37. Qxd3 cxd3 38. Be3 Rd8 39. Bd2 Ra8 40. Kf3 Bc5 41. Be3 Ba3 42. Rxh6 Kg7 43. Rb6 Bb2 44. Rxb7+ Kg6 45. Rd7 1-0

[Event "MSU Cup"]
[Site "Moscow"]
[Date "2024.04.22"]
[Round "2.14"]
[White "Kovalevskaya, Ekaterina"]
[Black "Seyitmiradov, Serdar"]
[Result "1/2-1/2"]
[WhiteElo "2281"]
[BlackElo "1885"]
[PlyCount "115"]
[EventDate "2024.04.22"]
[EventType "team-tourn"]
[EventRounds "9"]
[EventCountry "RUS"]
[SourceTitle "CBM 219 Extra"]
[Source "ChessBase"]
[SourceDate "2024.05.31"]
[SourceVersion "1"]
[SourceVersionDate "2024.05.31"]
[SourceQuality "1"]
[WhiteTeam "Azerbaijan"]
[BlackTeam "Turkmenistan"]
[WhiteTeamCountry "AZE"]
[BlackTeamCountry "TKM"]

1. Nf3 Nf6 2. g3 d5 3. Bg2 Bf5 4. c4 c6 5. Qb3 Qb6 6. cxd5 Qxb3 7. axb3 cxd5 8. Nc3 Nc6 9. 0-0 e6 10. d3 Be7 11. Be3 Ng4 12. Bf4 e5 13. Nxd5 exf4 14. Nc7+ Kd7 15. Nxa8 fxg3 16. hxg3 Rxa8 17. d4 Bf6 18. Rfd1 Bc2 19. Rd2 Bxb3 20. Ra3 Bc4 21. Rc3 Ba6 22. Ne5+ Bxe5 23. dxe5+ Kc7 24. f4 Re8 25. Bf3 h5 26. Rd5 f6 27. b4 Kb6 28. Rd6 Bb5 29. e6 f5 30. Bxg4 hxg4 31. e4 g6 32. exf5 gxf5 33. Rc5 Kc7 34. Rd7+ Kb6 35. Rd6 a6 36. Rxf5 Kc7 37. Rd7+ Kc8 38. Rff7 Rxe6 39. Rc7+ Kd8 40. Rxb7 Kc8 41. Rfc7+ Kd8 42. Rg7 Re1+ 43. Kf2 Re2+ 44. Kg1 Ne7 45. Rxg4 Kc8 46. Rb6 Nd5 47. Rh6 Re1+ 48. Kf2 Re2+ 49. Kg1 Bd7 50. Rg7 Ne3 51. Rxa6 Nf5 52. Ra8+ Kb7 53. Rxd7+ Kxa8 54. g4 Nh4 55. g5 Rg2+ 56. Kf1 Rg4 57. Rf7 Ng2 58. Kf2 1/2-1/2